Gaming Quiz

Random Gaming or Video Games Quiz
Score 0/47 Timer 20:00
0 Plays Today
% Correct
Earth Shock
90.9%
Earthbind Totem
90.9%
Lightning Bolt
86.4%
Lightning Shield
86.4%
Purge
86.4%
Flame Shock
86.4%
Ghost Wolf
86.4%
Rockbiter Weapon
86.4%
Chain Lightning
86.4%
Healing Stream Totem
81.8%
Healing Wave
77.3%
Stoneskin Totem
77.3%
Frost Shock
77.3%
Water Walking
77.3%
Searing Totem
72.7%
Tremor Totem
72.7%
Mana Tide Totem
72.7%
Nature's Swiftness
68.2%
Lesser Healing Wave
68.2%
Magma Totem
68.2%
Grounding Totem
68.2%
Windfury Totem
68.2%
Chain Heal
68.2%
Cure Poison
63.6%
% Correct
Water Breathing
63.6%
Frostbrand Weapon
63.6%
Reincarnation
63.6%
Stormstrike
63.6%
Stoneclaw Totem
59.1%
Strength of Earth Totem
59.1%
Cure Disease
59.1%
Mana Spring Totem
59.1%
Fire Nova Totem
54.5%
Fire Resistance Totem
54.5%
Elemental Mastery
50%
Ancestral Spirit
50%
Frost Resistance Totem
50%
Windfury Weapon
50%
Grace of Air Totem
50%
Flametongue Weapon
45.5%
Poison Cleansing Totem
45.5%
Nature Resistance Totem
45.5%
Disease Cleansing Totem
36.4%
Sentry Totem
31.8%
Windwall Totem
27.3%
Primal Strike
22.7%
Tranquil Air Totem
22.7%
Remove Ads.
Support Sporcle.
Get the best of Sporcle when you Go Orange. This ad-free experience offers more features, more stats, and more fun while also helping to support Sporcle. Thank you for becoming a member.

You're not logged in!

Compare scores with friends on all Sporcle quizzes.
OR
Log In

Show Comments

Extras

Top Quizzes Today


Score Distribution

Your Account Isn't Verified!

In order to create a playlist on Sporcle, you need to verify the email address you used during registration. Go to your Sporcle Settings to finish the process.

Report this User

Report this user for behavior that violates our Community Guidelines.

Details: